01320cam a22003014a 45000010009000000050017000090080041000260100015000670200018000820400028001000820021001282450134001492600059002833000052003425000024003946500059004186500064004776500061005416500076006026530025006786550024007037000035007277000036007627000041007989420021008399990017008609520141008771511005620141203105128.0071212t2007 xxuadk frf 001 0 eng d a2007530826 a9780470139028 aDLCcDLCdDLCdEG-ScBUE00222a660.076bREY00aHandbook of chemical and environmental engineering calculations /c[edited by] Joseph P. Reynolds, John S. Jeris, Louis Theodore. aHoboken, United States :bWiley-Interscience,cc.2007. axiii, 948 p. :bcharts, forms, tables ;c24 cm. aIndex : p. 942-948. 0aChemical engineering vProblems, exercises, etc.97824 0aEnvironmental engineeringvProblems, exercises, etc.936764 0aSanitationxMathematicsvHandbooks, manuals, etc.936765 0aEnvironmental engineeringxMathematicsvHandbooks, manuals, etc.936766 bENGGENcDecember2014 vreading book9342321 aJeris, John S.936767eeditor.1 aTheodore, Louis936768eeditor.1 a Reynolds, Joseph P.936763eeditor. 2ddck660.076 REY c18707d18679 00102ddc40708BaccahaMAINbMAINc1STd2014-12-03g1099.00h20677l0o660.076 REYp000037089r2025-07-15 00:00:00v1373.75yREFERENCE